Ο ξένος
Αποθηκεύτηκε σε:
| Κύριος συγγραφέας: | |
|---|---|
| Άλλοι συγγραφείς: | |
| Μορφή: | Βιβλίο |
| Γλώσσα: | Greek French |
| Δημοσίευση: |
Αθήνα :
Ζαχαρόπουλος,
[198-].
|
| Σειρά: | Κλασική λογοτεχνία (Ζαχαρόπουλος)
; 98 |
| Θέματα: | |
| Ετικέτες: |
Προσθήκη ετικέτας
Δεν υπάρχουν, Καταχωρήστε ετικέτα πρώτοι!
|
MARC
| LEADER | 00000cam a2200000 i 4500 | ||
|---|---|---|---|
| 001 | 1/34061 | ||
| 008 | 941103q gr | ||| |||| ||gre|| | ||
| 035 | |a 1989 |c ΔΩΡΕΑ |l 10039539 | ||
| 040 | |a GR-MY-UA |b gre |e aacr | ||
| 041 | 1 | |a gre |h fre | |
| 082 | 0 | |a 843. | |
| 100 | 1 | |a Camus, Albert, |d 1913-1960. | |
| 245 | 1 | 2 | |a Ο ξένος / |c Alber Camus ; μετάφραση Γιάννης Αγγέλου. |
| 260 | |a Αθήνα : |b Ζαχαρόπουλος, |c [198-]. | ||
| 300 | |a 135 σ. ; |c 17 εκ. | ||
| 490 | 1 | |a (Κλασική λογοτεχνία |v ; 98) | |
| 500 | |a Τίτλος πρωτοτύπου: L'etranger | ||
| 650 | 0 | 0 | |a French fiction. |
| 700 | 1 | |a Αγγέλου, Γιάννης, |d 1915- |e trl | |
| 830 | 0 | |a Κλασική λογοτεχνία (Ζαχαρόπουλος) |v ; 98 | |
| 852 | |a INST |b SAMOS |e 19941103 |h 843 CAM |p 005300000554 |q 005300000554 |t BK |y 4 |x 20181129 | ||
| 909 | |a Σ |b 000035 | ||